The internship / (Record no. 22640)

000 -LEADER
fixed length control field 01178nam a2200277 4500
005 - DATE AND TIME OF LATEST TRANSACTION
control field 20260416151738.0
008 - FIXED-LENGTH DATA ELEMENTS--GENERAL INFORMATION
fixed length control field 260416b xxu||||| |||| 00| 0 eng d
040 ## - CATALOGING SOURCE
Original cataloging agency Cagayan State University
082 ## - DEWEY DECIMAL CLASSIFICATION NUMBER
Classification number 791.4372
Item number In61
245 ## - TITLE STATEMENT
Title The internship /
Statement of responsibility, etc directed by James Bamford ; written by Steven Paul and J.D. Zeik.
260 ## - PUBLICATION, DISTRIBUTION, ETC. (IMPRINT)
Place of publication, distribution, etc United State :
Name of publisher, distributor, etc SP Media Group,
Date of publication, distribution, etc 2026.
300 ## - PHYSICAL DESCRIPTION
Extent 1 videofile, (ca. 91 mins.) :
Other physical details sound, color.
520 ## - SUMMARY, ETC.
Summary, etc A ruthless, highly trained assassin, raised from childhood in a top-secret CIA program known only as The Internship, is ready to dismantle the institution that stole her youth. Assembling her fellow interns, she leads a bloody uprising - forcing the CIA to unleash equally lethal force to stop them.
521 ## - TARGET AUDIENCE NOTE
Target audience note Rated R for strong/bloody violence and some language.
546 ## - LANGUAGE NOTE
Language note In English language.
650 ## - SUBJECT ADDED ENTRY--TOPICAL TERM
Topical term or geographic name as entry element Action
650 ## - SUBJECT ADDED ENTRY--TOPICAL TERM
Topical term or geographic name as entry element Thriller
650 ## - SUBJECT ADDED ENTRY--TOPICAL TERM
Topical term or geographic name as entry element Mystery
700 ## - ADDED ENTRY--PERSONAL NAME
Personal name Bamford, James, director.
700 ## - ADDED ENTRY--PERSONAL NAME
Personal name Paul, Steven, writer.
700 ## - ADDED ENTRY--PERSONAL NAME
Personal name Ziek, J.D., writer
700 ## - ADDED ENTRY--PERSONAL NAME
Personal name Greene, Lizzy, actor.
700 ## - ADDED ENTRY--PERSONAL NAME
Personal name Boone, Megan, actor.
700 ## - ADDED ENTRY--PERSONAL NAME
Personal name Katz, Sky, actor.
942 ## - ADDED ENTRY ELEMENTS (KOHA)
Source of classification or shelving scheme
Item type Audio-Visual Materials
Holdings
Price effective from Permanent location Date last seen Not for loan Date acquired Source of classification or shelving scheme Koha item type Lost status Withdrawn status Coded location qualifier Source of acquisition Collection code Damaged status Shelving location Current location Full call number
2026-04-16Cagayan State University - Carig Library2026-04-16 2026-04-16 Audio-Visual Materials  2026-04-15DonationElectronic Media Center Audio VisualCagayan State University - Carig Library791.4372 In61

Cagayan State University University Library, Carig Campus
Tuguegarao City, Cagayan 3500 | www.csucarig.edu.ph

Powered by Koha